000 00266nam a22001217a 4500
003 SGT
082 _a512.7,HAR
100 _aHARDY G.H.
245 _aAN INTRODUCTION TO THE THEORY OF NUMBERS
260 _bOXFORD PUB.
_c2008
300 _a600
942 _2ddc
_cGF BOOKS
999 _c34412
_d34412